|
|
|
|
| LEADER |
00000nas a2200000 a 4500 |
| 001 |
ssj0005886 |
| 003 |
WaSeSS |
| 005 |
20200512172242.0 |
| 006 |
m d |
| 007 |
cr n |
| 008 |
991124c19989999ilubr pss 0 a0eng c |
| 010 |
|
|
|a 2008202650
|
| 015 |
|
|
|a GBB7F4153
|2 bnb
|
| 016 |
|
|
|a 000025043756
|2 AU
|
| 016 |
7 |
|
|a 018192832
|2 Uk
|
| 022 |
|
|
|a 1944-7396
|l 1096-9012
|y 1096-9012
|
| 035 |
|
|
|a (WaSeSS)ssj0005886
|
| 037 |
|
|
|b ACHE, One North Franklin St., Ste. 1700, Chicago, IL 60606-3529
|
| 040 |
|
|
|a UV$
|b eng
|c UV$
|d OCL
|d UV$
|d OCLCQ
|d FQM
|d OCLCQ
|d NSD
|d DLC
|d OCLCQ
|d OCLCF
|d OCLCO
|d VT2
|d OCLCQ
|d OCLCO
|d OCLCQ
|d NLE
|d BUF
|d OCLCO
|d U3W
|d OCLCO
|d UUM
|d OCLCO
|d AU@
|d OCLCO
|d WYU
|d OCLCO
|d UKMGB
|d OCLCO
|d AUD
|d OCLCO
|d WaSeSS
|
| 042 |
|
|
|a pcc
|a nsdp
|
| 050 |
1 |
4 |
|a RA960
|b .A42
|
| 060 |
0 |
0 |
|a W1
|b HO71PY
|
| 082 |
1 |
0 |
|a 362.1
|2 14
|
| 130 |
0 |
|
|a Journal of healthcare management (Online)
|
| 210 |
0 |
|
|a J. healthc. manag.
|b (Online)
|
| 222 |
|
0 |
|a Journal of healthcare management
|b (Online)
|
| 245 |
1 |
0 |
|a Journal of healthcare management
|h [electronic resource] /
|c American College of Healthcare Executives.
|
| 260 |
|
|
|a Chicago, IL :
|b Foundation of the American College of Healthcare Executives
|
| 310 |
|
|
|a Bimonthly
|
| 362 |
0 |
|
|a Vol. 43, no. 1 (Jan./Feb. 1998)-
|
| 506 |
|
|
|a License restrictions may limit access.
|
| 538 |
|
|
|a Mode of access: World Wide Web.
|
| 588 |
|
|
|a Description based on web page information screen (viewed June 18, 2001).
|
| 650 |
|
0 |
|a Hospitals
|x Administration
|v Periodicals.
|
| 650 |
|
0 |
|a Health services administration
|v Periodicals.
|
| 650 |
|
7 |
|a Health services administration.
|2 fast
|0 (OCoLC)fst00953286
|
| 650 |
|
7 |
|a Hospitals
|x Administration.
|2 fast
|0 (OCoLC)fst00961176
|
| 650 |
|
2 |
|a Hospital Administration.
|
| 650 |
|
2 |
|a Hospitals.
|
| 650 |
|
2 |
|a Delivery of Health Care.
|
| 650 |
|
2 |
|a Hospital Services Administration.
|
| 655 |
|
0 |
|a Electronic journals.
|
| 710 |
2 |
|
|a American College of Healthcare Executives.
|b Foundation.
|
| 776 |
1 |
|
|t Journal of healthcare management
|h microfilm
|x 1096-9012
|w (OCoLC)38420395
|
| 776 |
1 |
|
|t Journal of healthcare management
|x 1096-9012
|w (DLC) 98657638
|w (OCoLC)37958297
|
| 780 |
0 |
0 |
|t Hospital & health services administration (Online)
|w (OCoLC)62586095
|
| 856 |
4 |
0 |
|z Full text available from Research Library: 01/01/1998 to present
|u https://search.proquest.com/publication/7080
|